Materská škola pedagogický časopis pre učiteľky materských škôl

Bibliographic Details
New Title:Predškolská výchova
Corporate Authors: Slovenské pedagogické nakladateľstvo, Knižné závody, n.p. (Bratislava, Slovensko) (tlač.), Knižné závody, n.p. (Bratislava, Slovensko) závod Trnava (tlač.), Polygrafické závody (Bratislava, Slovensko). Závod Trnava, Polygrafické závody (Bratislava, Slovensko)
Format: Journal
Language:Slovak
PhysicalDescription:7 roč. 17 x 24 cm
Published: Bratislava Slovenské pedagogické nakladateľstvo 1954-1960
ISSN:0461-4372
Subjects:

MARC

LEADER 00000nas a22000001a 4500
001 vtls010301577
003 SK-MaSNL
005 20260228161606.0
008 110810d19541960xo mr p r 0 b0slo
015 |a SNBDS17XX9999 
015 |a 0688  |2 Balúnová 1945-60 
022 |a 0461-4372 
038 |a SNKBUDS 
040 |a SNK  |b slo  |c SNK  |e AACR2 
041 0 |a slo 
044 |a xo  |c SK 
080 |a 373.2  |2 2001 
245 0 0 |a Materská škola  |b pedagogický časopis pre učiteľky materských škôl 
260 |a Bratislava  |b Slovenské pedagogické nakladateľstvo  |c 1954-1960 
300 |a 7 roč.  |c 17 x 24 cm 
310 |a 1x mesačne  |b 1955-1960 
321 |a 1x za dva mesiace  |b 1954 
362 0 |a Roč. I, č. 1 (jan.-febr. 1954)-roč. VII, č. 12 (1960) 
500 |a Vych. v Bratislave dvojmesačne, od 1/II (jan. 1955) mesačne 
500 |a Red. Oľga Holéczyová; výk. red. od 6/II (jún 1955) Milada Dranačková, od 11/V (nov. 1958) Vilma Mišíková; taj. red. Juraj Brťka, od 2/I (1954) M. Dranačková, od 6/II (jún 1955) sa neuvádza; red. rada Mária Bartušková, Marína Ferenčíková, Alžbeta Kotálová, Mária Reťkovská, Mária Rusnáčková, od 4/III (apr. 1956) aj Ida Princová, od 6/III (jún 1956) aj Anna Olšanová; od 9/III (sept. 1956) aj Ľuba Klindová; od 12/III (dec. 1956) aj Anna Luciaková, od 2/VII (febr. 1960) aj Viliam Cepek a A. Novák 
500 |a Maj. a vyd. Slovenské pedagogické nakladateľstvo v Bratislave 
500 |a Tlač. Knižné závody, od 1/II (jan. 1945) Knižné závody v Trnave, od 9/II (sept. 1955) Polygrafické závody, záv. 3 v Trnave, od 1/III (jan. 1956) Polygrafické závody, záv. 2 v Bratislave 
500 |a Vych. od jan.-febr. 1954. Paginácia nezahŕňa 4 s. obálky a od r. 1957 aj obsah za celý roč. Pov. PK, č. 9-3026/53 z 5. nov. 1953 
505 8 0 |g Roč. I. 1954 6 č. 288 s. 
505 8 0 |g Roč. II. 1955 12 č. 384 s. 
505 8 0 |g Roč. III. 1956 12 č. 384 s. 
505 8 0 |g Roč. IV. 1957 12 č. 384 s. 
505 8 0 |g Roč. V. 1958 12 č. 384 s. 
505 8 0 |g Roč. VI. 1959 12 č. 385 s. 
505 8 0 |g Roč. VII. 1960 12 č. 385 s. 
580 |a Po r. 1960 vych. pod názvom Predškolská výchova 
650 0 7 |a predškolská výchova  |2 SNKPH  |9 3959 
650 0 7 |a materské školy  |2 SNKPH  |9 1278 
655 7 |a odborné časopisy  |2 SNKPH  |9 70505 
700 1 |a Holéczyová, Oľga  |4 red  |9 268981 
700 1 |a Dranačková, Milada,  |d 1912-1958  |4 red  |9 48662 
700 1 |a Bartušková, Marie,  |d 1900-1978  |4 red  |9 108853 
700 1 |a Ferenčíková, Marína  |4 red  |9 268982 
700 1 |a Kotálová, Alžbeta  |4 red  |9 268983 
700 1 |a Reťkovská, Mária  |4 red  |9 268984 
700 1 |a Rusnáčková, Mária,  |d 1929-  |4 red  |9 220324 
700 1 |a Princová, Ida  |4 red  |9 268985 
700 1 |a Olšanová, Anna  |4 red  |9 268986 
700 1 |a Klindová, Ľuboslava,  |d 1931-  |4 red  |9 210724 
700 1 |a Luciaková, Anna  |4 red  |9 268987 
700 1 |a Cepek, Viliam  |4 red  |9 268988 
700 1 |a Novák, A.  |4 red  |9 268989 
710 2 |a Slovenské pedagogické nakladateľstvo  |9 183178 
710 2 |a Knižné závody, n.p. (Bratislava, Slovensko)  |e tlač.  |9 268990 
710 2 |a Knižné závody, n.p. (Bratislava, Slovensko)  |b závod Trnava  |e tlač.  |9 268801 
710 2 |a Polygrafické závody (Bratislava, Slovensko).  |b Závod Trnava  |9 145642 
710 2 |a Polygrafické závody (Bratislava, Slovensko)  |9 157291 
785 0 0 |t Predškolská výchova 
852 |a SNK  |b 10000  |h ČSC 565 
852 |a UKB  |b 300000  |h SD 7882 
852 |a UKB  |b 300000  |h 20 B 5226 
852 |a SVKKK  |b 900000  |h B 33 
916 |a 1954-1960 
999 |c 5779  |d 7709 
952 |0 0  |1 0  |3 rekatalogizácia  |4 0  |7 0  |a SNK  |b SNK  |d 2006-03-15  |i snkČSP 1883/61  |l 0  |o snkČSC 565/6/1959 D1  |p 17A0500611  |r 2026-02-21 19:47:27  |t č. 1-12  |w 2026-02-21  |y PREZ 
952 |0 0  |1 0  |4 0  |7 0  |a SNK  |b SNK  |d 2005-06-09  |i snkČSP 296/58  |l 0  |o snkČSC 565/4/1957 D1  |p 17A0473514  |r 2026-02-21 20:15:53  |t č. 1-12, obsah v č. 1  |w 2026-02-21  |y PREZ 
952 |0 0  |1 0  |4 0  |7 0  |a SNK  |b SNK  |d 2014-01-31  |f 1  |i snkII.1137/55  |l 0  |o snkČSC 565/1/1954  |p 17A0766717  |r 2026-02-21 20:31:48  |t č. 1-6  |w 2026-02-21  |y PREZ 
952 |0 0  |1 0  |4 0  |7 0  |a SNK  |b SNK  |d 2014-01-31  |f 1  |i snkČSP 283/59  |l 0  |o snkČSC 565/5/1958  |p 17A0766716  |r 2026-02-21 20:31:48  |t č. 1-12  |w 2026-02-21  |y PREZ 
952 |0 0  |1 0  |4 0  |7 0  |a SNK  |b SNK  |d 2000-05-12  |f 1  |i snkČSP 1246/60  |l 0  |o snkČSC 565/6/1959  |p 17A0238072  |r 2005-01-02 00:00:00  |t č. 1-12  |w 2026-02-21  |y PREZ 
952 |0 0  |1 0  |4 0  |7 0  |a SNK  |b SNK  |d 2000-05-12  |f 1  |i snkČSP 1055/61  |l 0  |o snkČSC 565/7/1960  |p 17A0238071  |r 2005-01-02 00:00:00  |t č. 1-12  |w 2026-02-21  |y PREZ 
952 |0 0  |1 0  |3 rekatalogizácia  |4 0  |7 0  |a SNK  |b SNK  |d 2008-03-19  |i snkČSP 556/62  |l 0  |o snkČSC 565/7/1960 D1  |p 17A0579417  |r 2026-02-21 20:49:21  |t č. 1-12  |w 2026-02-21  |y PREZ 
952 |0 0  |1 0  |4 0  |7 0  |a SNK  |b SNK  |d 2005-06-09  |i snkČSP 277/57  |l 0  |o snkČSC 565/2/1955 D1  |p 17A0473516  |r 2026-02-21 21:11:00  |t č. 1-12, obsah v č. 1  |w 2026-02-21  |y PREZ 
952 |0 0  |1 0  |4 0  |7 0  |a SNK  |b SNK  |d 2005-06-09  |i snkČSP 1151/58  |l 0  |o snkČSC 565/3/1956 D1  |p 17A0473502  |r 2026-02-21 21:11:00  |t č. 1-12  |w 2026-02-21  |y PREZ 
952 |0 0  |1 0  |4 0  |7 0  |a SNK  |b SNK  |d 2005-06-09  |i snkČSP 284/59  |l 0  |o snkČSC 565/5/1958 D1  |p 17A0473515  |r 2026-02-21 21:11:00  |t č. 1-12  |w 2026-02-21  |y PREZ 
952 |0 0  |1 0  |4 0  |7 0  |a SNK  |b SNK  |d 1999-02-24  |f 1  |i snkČSP 187/56  |l 0  |o snkČSC 565/2/1955  |p 17A0182569  |r 2005-01-02 00:00:00  |t č. 1-12  |w 2026-02-21  |y PREZ 
952 |0 0  |1 0  |4 0  |7 0  |a SNK  |b SNK  |d 1999-02-24  |f 1  |i snkČSP 295/58  |l 0  |o snkČSC 565/4/1957  |p 17A0182571  |r 2005-01-02 00:00:00  |t č. 1-12  |w 2026-02-21  |y PREZ 
952 |0 0  |1 0  |4 0  |7 0  |a SNK  |b SNK  |d 1999-02-24  |f 1  |i snkČSP 101/57  |l 0  |o snkČSC 565/3/1956  |p 17A0182572  |r 2005-01-02 00:00:00  |t č. 1-12  |w 2026-02-21  |y PREZ